[Event "EU-ch 4th"]
[Site "Istanbul"]
[Date "2003.05.31"]
[Round "2"]
[White "Palo, Davor"]
[Black "Palac, Mladen"]
[Result "1/2-1/2"]
[WhiteElo "2483"]
[BlackElo "2587"]
[Annotator "Wells,P"]
[PlyCount "62"]
[EventDate "2003.05.30"]
[EventType "swiss"]
[EventRounds "13"]
[EventCountry "TUR"]
[SourceTitle "CBM 096"]
[Source "ChessBase"]
[SourceDate "2003.09.25"]
[SourceVersion "1"]
[SourceVersionDate "2003.09.25"]
[SourceQuality "1"]

1. d4 Nf6 2. c4 e6 3. Nf3 d5 4. Nc3 Bb4 5. Bg5 dxc4 6. e4 c5 7. e5 cxd4 8. Qa4+
Nc6 9. O-O-O Bd7 10. Ne4 Be7 11. exf6 gxf6 12. Bh4 Rc8 13. Kb1 Na5 14. Qc2 e5
15. Nxe5 $6 (15. Nxd4 $1 {is the main line for very good reasons. Left
unmolested Black's impressive pawns would have every chance of choking White's
forces. Giving back the piece is virtually obligatory.} {After} exd4 16. Rxd4
Qb6 17. Nxf6+ ({or} 17. Rd6 Rc6) ({or even} 17. Rxd7) 17... Bxf6 18. Qe4+ Kf8
19. Bxf6 Qxf6 20. Rxd7 {gives fairly balanced play.}) 15... fxe5 16. Nd6+ Kf8
17. Bxe7+ Kxe7 18. Nxc8+ Qxc8 {White has achieved the worst of all worlds. He
has returned the material, but barely stemmed the flow of Black's initiative.}
19. Qd2 Bf5+ 20. Ka1 Qc5 21. g4 Be4 (21... Bg6 $1 22. f4 Be4 (22... c3 $6 23.
bxc3 dxc3 24. Qd5 Qxd5 25. Rxd5 $13) 23. Rg1 c3 (23... Qb6) 24. bxc3 dxc3 25.
Qd7+ Kf6 {[%csl Ra1][%cal Ga5b3]} 26. Qd6+ Qxd6 27. Rxd6+ Ke7 $17 {[%csl Ra1,
Gc3]}) 22. f3 Bxf3 23. Qg5+ Ke8 24. Re1 Nc6 25. Qf6 Bxh1 26. Qxh8+ Ke7 27. g5
c3 28. Qf6+ Ke8 29. Qh8+ Ke7 30. Qf6+ Ke8 31. Qh8+ Ke7 1/2-1/2

[Event "EU-ch 9th"]
[Site "Plovdiv"]
[Date "2008.04.29"]
[Round "8"]
[White "Huzman, Alexander"]
[Black "Wells, Peter K"]
[Result "0-1"]
[WhiteElo "2602"]
[BlackElo "2521"]
[Annotator "Wells,P"]
[PlyCount "68"]
[EventDate "2008.04.21"]
[EventType "swiss"]
[EventRounds "11"]
[EventCountry "BUL"]
[SourceTitle "CBM 124"]
[Source "ChessBase"]
[SourceDate "2008.05.28"]
[SourceVersion "1"]
[SourceVersionDate "2008.05.28"]
[SourceQuality "1"]

1. d4 Nf6 2. c4 e6 3. Nf3 d5 4. Nc3 {Something of a surprise. In principle it
is obviously not a great idea to assume that your opponent will repeat what he
played against you last time. But my experience on the black side of a Catalan
against Alexander almost exactly a year previously was so unpleasant, and my
attempt to improve upon this against Yannick Pelletier just a few days before
this game was played sufficiently unconvincing, that a repetition seemed quite
a rational expectation.} dxc4 5. Bg5 Bb4 6. e4 c5 7. Bxc4 cxd4 8. Nxd4 Bxc3+ 9.
bxc3 Qa5 {[%cal Ga5c3,Ga5g5,Gf6e4] It is of course this 'triple threat' which
justifies the Vienna variation. In other words if White could simply castle
here without making a concession then his better development and the bishop
pair would more than compensate for the damage to his queen-side structure.} ({
It is for this reason that} 9... Nbd7 {although ventured with a satisfactory
outcome by Kiril Georgiev in 2006, has not found many followers.}) 10. Bb5+
Nbd7 {White's 10th move is fairly clearly the sternest test, especially now
that 10 Nb5 Nxe4 is looking quite OK for Black. But my stubborn adherence to
this reply is rather more controversial. For a long time it was just that I
felt that keeping the White king in the centre rendered the position more
double-edged in a way which was desirable for Black given that he is taking
some risk in any case. However, I was beginning to wonder if it was time to
reconsider when} ({yet another weapon appeared in White's armoury in the form
of} 10... Bd7 11. Bxf6 gxf6 12. Bxd7+ Nxd7 13. O-O a6 14. Rb1 Qc7 15. Qd2 $5 {
which did not appear entirely innocuous either. Of course, it is always a bit
worrying in the age of computer analysis to stick with a line which most top
players have abandoned. Do they know something I don't? To be honest though, I
guess there may be legitimate stylistic reasons for the neglect too. Moreover,
without a concrete refutation, it remains a decent enough way to unbalance the
game from quite an early stage.}) 11. Bxf6 Qxc3+ 12. Kf1 gxf6 13. h4 a6 14. Rh3
Qb4 $5 {Much the rarer of the two queen retreats and a new move for me.
Previously I have preferred} (14... Qa5 15. Be2 Ne5 $5 {itself a rare
continuation in comparison with} (15... Nc5 {which became at one time almost
trendy. I have no particular problem with this line except once again, the
inevitable doubts that arise when noone else seems interested in it!})) 15. Be2
O-O {I had prepared this several weeks before, but having expected the Catalan,
my pre-game preparation on the Vienna was a bit superficial to say the least.
However, I did look just long enough to notice shortly before the game that
one of the very few strong players to have ventured this on the black side was.
..Huzman himself. Had I spotted this earlier, I might have taken some action,
but as it was I thought I might as well brave it and see what he had.
Objectively, g8 does not seem necessarily to be a worse square than e7 for
Black's king, whilst d6 for the queen looks quite harmonious.} 16. Rb3 $5 {
A big surprise and I couldn't help feeling, something of a vindication of my
opening choice. Instead it seems logical to rush with both rooks towards g3
and with the queen to h6 as quickly as the detail allows. To this end, it must
be more economical to play} (16. Rb1 Qd6 17. Rg3+ Kh8 18. Qd2 Rg8 19. Rbb3 {
However, after} Rxg3 20. Rxg3 Qf8 {it is not so easy for Black to develop, but
he is fairly solid and it is not clear either how White will apply further
pressure. The hyper-aggressive} 21. e5 {is probably not the way although after}
fxe5 22. Nf3 f6 23. Bd3 Nc5 24. Bb1 Bd7 25. Nxe5 Be8 (25... fxe5 26. Qg5 Bb5+
27. Kg1 Nd7 28. Bxh7 $40) 26. Ng4 (26. Qd4 $1 {would have retained some
compensation}) 26... Rd8 27. Qc2 Bg6 {Postny,E (2434)-Huzman,A (2574) ISR-ch
Ramat Aviv/Modiin 2000 (10) 1/2 and Black successfully unravels in}) 16... Qd6
17. Qd2 Kh8 18. Rg3 Rg8 19. Rxg8+ Kxg8 20. Rd1 Qh2 $5 {I thought for some time
over this. It is not so much about the second pawn (although it is always nice
to amass a bit more for your suffering), but rather about forcing some White
piece to 'go passive' and trying to hinder easy access to the g-file by
White's major pieces. However, the task of bringing out the remaining Black
forces is made still more difficult - to a greater extent than I probably
appreciated during the game.} ({It is just worth mentioning that} 20... e5 $2
21. Nf5 Qxd2 22. Rxd2 Kf8 23. Bg4 {[%csl Ra8,Rc8,Rd8,Yf5] is really dismal for
Black. Great to exchange queens, but not in return for such an enormous square
and dire development difficulties.}) ({More reasonable alternatives would be} 
20... Nc5 21. Qe3 Qc7) ({or} 20... b6 21. Qh6 Qf8 {although in both cases
there is a plus side to the position of the White rook on d1 which seems to
grant White's 16th a measure of legitimacy.}) 21. Nf3 (21. Bf3 {[%csl Rf3]}
Qxh4 $15 {[%cal Gh4g5]}) 21... Qh1+ 22. Ng1 Qxh4 23. Qc3 Kg7 {This seemed
quite logical - developing without allowing White to invade powerfully on d8
should now be the chief priority. Of course, Black has to watch out for the
g-file too, but in fact the removal of the h-pawn means that a Black knight
sitting on g6 is likely to be more stable than in other similar positions.} ({
I hardly looked at} 23... Qxe4 $5 {although it may just be possible. But, for
example} 24. Qg3+ Qg6 25. Qc7 Qf5 26. Rd3 Nf8 27. Nf3 {Looks unappetising at
the board, although} Bd7 $5 28. Rxd7 Nxd7 29. Qxd7 Qb1+ {may in fact offer
fair chances.}) (23... Qf4 $5 {might be reasonable too. THere is something to
be said for trying to re-connect the queen to the queen-side.}) 24. Rd4 Ne5 25.
g3 Qh1 {Hitting the e-pawn is useful, but leaving f6 undefended has its
drawbacks as we shall see.} ({Concretely, I was concerned at being tied up by} 
25... Qh6 26. Rd8 Nc6 27. Re8 e5 28. g4 {Fritz endorses this concern and
interestingly believes} Nd4 29. Rxc8 (29. Qc5 Ne6 30. Qc3 Qf4 $13) 29... Rxc8
30. Qxc8 Qh1 {to be about level.}) 26. g4 $4 {A common enough kind of blunder.
Disappointed that the intended lines are not delivering in calculation, a
player resorts to an idea which opens up a new attacking idea, but at an
unreasonable cost. Ironically, there are two possibilties which are both
significantly better than I thought durinf Alexander's think.} (26. f4 Nc6 27.
Bf3 Qh6 28. Rd6 e5 29. f5 {may be a decent practical try simply because it is
so difficult to extricate the remaining Black pieces. In fact} a5 30. a4 Nb4
31. Rd8 Na2 $1 {[%cal Gh6c1] seems to give Black a clear plus, but this idea
is not especially easy to come by at the board.}) ({By far the best, though is
} 26. Rd8 $1 {with the far from obvious point that} Nc6 {can be met with the
powerful shot} 27. e5 $3 (27. Re8 Qxe4 $17 (27... e5 $17)) 27... fxe5 (27...
Nxd8 28. exf6+ Kg8 29. Qd2 Nc6 30. Bf3 $1 $18) 28. Bf3 Qh6 29. Bxc6 Qf6 ({or} 
29... Qg5) 30. Re8 bxc6 31. Qc5 {and Black still has difficulties.}) ({So it
is possible that} 26. Rd8 {will be best answered with} Qxe4 $5 27. Qc5 (27.
Rxc8 Rxc8 28. Qxc8 Qb1+ 29. Kg2 Qxa2 30. Qxb7 a5 {which is hard to assess,
although I doubt that White can really be worse. So I suppose that the natural
23...Kg7 was wrong. A bit of a shock, but hardly the first seemingly nice game
to be severely amended by Fritz's impressive number crunching.})) 26... Nc6 $1
{It took a few valuable minutes to realise that White's new attacking
resources on the h-file will amount to little more than a check and some
tricks. Fortunately there are no more very serious decisions to make.} 27. Rd3
e5 28. Rh3 Qxe4 29. Bd3 Qd4 30. Rxh7+ Kg8 31. Qd2 Qf4 $1 (31... Bf5 $4 32. Rh8+
$1 Kxh8 33. Qh6+ Kg8 34. Bxf5 Nd8 $8 35. Bh7+ $11) 32. Qc2 Nd4 33. Qc7 Be6 34.
Bg6 Rc8 0-1

[Event "RUS-ch 56th"]
[Site "Krasnoyarsk"]
[Date "2003.09.04"]
[Round "2"]
[White "Yakovich, Yuri"]
[Black "Vekshenkov, Nikolai"]
[Result "1-0"]
[WhiteElo "2573"]
[BlackElo "2451"]
[Annotator "Yakovich,Y"]
[PlyCount "69"]
[EventDate "2003.09.03"]
[EventType "swiss"]
[EventRounds "9"]
[EventCountry "RUS"]
[SourceTitle "CBM 098"]
[Source "ChessBase"]
[SourceDate "2004.02.03"]
[SourceVersion "1"]
[SourceVersionDate "2004.02.03"]
[SourceQuality "1"]

1. d4 Nf6 2. c4 e6 3. Nf3 d5 4. Nc3 dxc4 5. e4 Bb4 6. Bg5 c5 {'*'} 7. e5 cxd4
8. Nxd4 Bxc3+ 9. bxc3 Qa5 10. exf6 Qxg5 11. fxg7 Qxg7 12. Qd2 $5 Nc6 ({Probably
} 12... O-O $5 {is more reliable} 13. Bxc4 Rd8 $5 14. Qe3 Bd7 15. O-O Nc6 16.
Nf3 Ne7 17. Ne5 Ng6 18. f4 Nxe5 $146 19. fxe5 Bc6 20. g3 Rd7 21. Rf4 Kh8 22.
Raf1 Rg8 23. Rd4 Rxd4 24. cxd4 Qg6 25. Bd3 Qh5 26. Be4 Rc8 $11 {Dreev,A-Xu,J/
Russia - China 2001 82/(377)}) 13. Nxc6 bxc6 14. Bxc4 Qe5+ $1 {Important
intermediate move.} (14... O-O $2 15. O-O $16 {[%csl Rg8]}) 15. Kf1 $5 (15. Be2
Ba6 $11 {leeds to equal endgame.}) 15... Qc5 $6 (15... Bb7 $5 {deserves a
serious attention. The game Portisch,L-Huebner,R/Skelleftea 1989 continued:}
16. Rd1 O-O 17. h4 Rad8 18. Qxd8 Rxd8 19. Rxd8+ Kg7 20. Rh3 c5 21. Rg3+ Kf6 22.
Rd1 Qf4 23. Be2 Qxh4 24. Kg1 Qa4 25. Rd2 Bd5 26. c4 Bxc4 27. Bxc4 Qxc4 28. Rd7
Qc1+ {1/2-1/2 Portisch,L-Huebner,R/Skelleftea 1989}) 16. Qf4 $1 {The strong
answer.Queen occupies an active position and prevent from e6-e5: 16...e5?? 17.
QF7+-} Rg8 {[%cal Yg8g5,Yg5f5,Yc5g5] /\17...Qg5, 17...Rg5} 17. Rb1 $1 {[%cal
Rb1b7] .<->b, ><b7. White prevent from 17... Bb7.} (17. h4 $2 {><g5} h5 $1 $11
{/\Rg4}) (17. g3 Rg5 $1 $11 {/\17...Rf5}) (17. Re1 Bb7 $13) 17... Rg5 {[%cal
Rg5f5] /\ 18...Rf5} (17... Qg5 18. Qe4 (18. Qf3 $5) 18... Bd7 19. g3 $14) 18.
g4 $1 {[%cal Rg4f5] ><f5} a5 $6 19. h4 $1 Rg7 20. g5 $1 $16 e5 (20... Qxc4+ $2
21. Qxc4 Ba6 22. Rb8+ $18) (20... Bd7 21. Rh3 $16) 21. Re1 $1 $18 Qxc4+ 22.
Qxc4 Ba6 23. Rxe5+ Kf8 24. Qxa6 Rxa6 25. Ke2 Rg6 26. Rb1 h6 27. Rb7 hxg5 28.
hxg5 Ra8 29. Rf5 Re6+ 30. Kf3 Re7 31. Rxe7 Kxe7 32. a4 Rd8 33. Ke3 Rd1 34. Rxa5
Rc1 35. Kd4 $138 1-0

[Event "Pardubice Czech op-A 23rd"]
[Site "Pardubice"]
[Date "2012.07.28"]
[Round "9"]
[White "Zakhartsov, Viacheslav V"]
[Black "Boros, Denes"]
[Result "0-1"]
[WhiteElo "2547"]
[BlackElo "2485"]
[Annotator "Zakhartsov,Vi"]
[PlyCount "146"]
[EventDate "2012.07.12"]
[EventType "swiss"]
[EventRounds "9"]
[EventCountry "CZE"]
[SourceTitle "CBM 149 Extra"]
[Source "ChessBase"]
[SourceDate "2012.08.24"]
[SourceVersion "1"]
[SourceVersionDate "2012.08.24"]
[SourceQuality "1"]

1. d4 Nf6 2. c4 e6 3. Nf3 d5 4. Nc3 dxc4 5. e4 Bb4 6. Bg5 h6 7. Bxf6 Qxf6 8.
Bxc4 c5 9. O-O O-O 10. e5 Qd8 11. Ne4 cxd4 12. a3 Be7 13. Qe2 Nd7 {He played
this after a long think. Probably, he wanted to cover the h7-square from f8.} (
{A more frequent choice is} 13... Nc6 {, but in this case Black is forced to
weaken his kingside (after White's moves Ng3, Qe4, Bd3) by g7-g6.}) 14. Rfd1
Qc7 15. Ng3 Rd8 16. Rac1 d3 $5 {This turned out to be a novelty.} ({Previously
in this position} 16... Qb6 {has been played:} 17. Rxd4 Nf8 18. Rg4 Bd7 19. Nh5
Ng6 20. h4 Bf8 21. Bd3 {and White has obtained a strong attack and won,
Mamedyarov-Kramnik, Moscow (blitz) 2010.}) 17. Bxd3 Qb6 18. Bb1 $2 {A poor
move, after which White's advantage evaporates.} ({I underestimated the
strength of} 18. Nh5 $1 {which led to a strong attack in all variations, for
instance:} g6 (18... Nf8 19. Rc4 g6 20. Rg4 (20. Nf6+ Bxf6 21. exf6 e5 (21...
Nh7 22. Ne5) 22. Nxe5 Qxf6 23. Rc7 Be6 24. Rxb7 {with a pawn up}) 20... Kh7 (
20... Nh7 21. Bxg6 fxg6 22. Rxg6+ Kh8 23. Rxh6) (20... Qb3 21. Nf6+ Kg7 (21...
Bxf6 22. Rb4 Qxb4 23. axb4 Be7 24. b5) 22. Nd4 Qb6 23. Qe3 {threatening Rh4})
21. Qd2 Bd7 22. Nf6+ Bxf6 (22... Kg7 23. Rh4 h5 24. Rxh5) 23. exf6 Qc5 24. Rh4
h5 25. Ng5+ Kg8 26. Ne4 {and Qh6}) (18... Nc5 19. Bb1 Rxd1+ 20. Rxd1 Nd7 21.
Qc2 Nf8 (21... g6 22. Qc1 gxh5 23. Qxh6 Nf8 24. Ng5 {and mate coming soon}) 22.
Rd4 g6 23. Rg4 Kh7 24. Qd2 Qd8 25. Rd4 {with a big advantage}) 19. Qd2 $1 (19.
Nf4 Nf8) 19... Bf8 20. Bxg6 $1 fxg6 21. Nf6+ Kg7 22. Ng4 Kh7 23. Rc3 Bg7 24.
Nf6+ Bxf6 25. exf6 {with an unstoppable attack:} Rf8 (25... Qb5 26. Qd6 Re8 27.
Qc7 Kg8 28. f7+ Kxf7 29. Ne5+ Qxe5 30. Rxd7+) 26. Ng5+ Kg8 (26... hxg5 27.
Qxd7+ $1 Bxd7 28. Rxd7+ Rf7 29. Rxf7+ Kg8 30. Rg7+ Kf8 31. Rh3) 27. Ne4 Nxf6
28. Qxh6 $18) 18... Nf8 19. Rxd8 Qxd8 20. Rd1 $6 (20. Qe3 Bd7 21. Be4) 20...
Bd7 21. Ne4 (21. Qe3 {again was better.}) 21... Qb6 {Completing his
development, Black has a slight edge and much easier play due to the 2 bishops
and a slight white weakness on e5. Moreover, in time trouble I continued to
make mistakes.} 22. Nd6 $6 Rd8 23. Be4 Bc6 (23... f5 $1 {would win a pawn:} 24.
Bb1 (24. exf6 Bxd6 25. fxg7 Kxg7) 24... Ba4 25. Rd2 Bxd6 26. exd6 Rxd6) 24. Nc4
Rxd1+ 25. Qxd1 Qc5 26. Bxc6 Qxc6 27. Qc2 Nd7 28. Qe2 $6 (28. Ne3 Qxc2 (28...
Bc5 29. Nf1) 29. Nxc2 Bd8 30. Nce1 Bc7 31. Nd3) 28... b5 29. Ne3 Qc5 30. Nd1
Qc1 31. g3 a6 32. Kg2 Nb6 33. Ne1 Nd5 34. Qc2 Qg5 35. Nd3 Qg4 36. Nc1 Nf4+ 37.
Kg1 Ng6 38. Ne3 $2 {A decisive mistake, losing a pawn.} (38. Nd3 Qd4 39. Qe2)
38... Qd4 39. Nd3 Bf8 40. Ng2 Nxe5 41. Nxe5 Qxe5 {Black is winning.} 42. Nf4 g6
43. a4 Kg7 44. axb5 axb5 45. Ne2 Be7 46. Nf4 Bf6 47. Nd3 Qe4 48. Qd2 Bd4 49.
Qd1 h5 50. h3 e5 51. Kh2 Kg8 52. h4 Kf8 53. b3 Kg7 54. f3 Qe3 55. Kg2 Bb6 56.
Kh2 Bc7 57. Ne1 Qf2+ 58. Ng2 e4 59. Qa1+ Kg8 60. Qa8+ Kh7 61. f4 Bb6 62. Qa1
Bd4 63. Qd1 Kh6 64. Kh1 Bb6 65. Kh2 Kg7 66. Qa1+ Qd4 67. Qf1 Qd3 68. Qe1 Bd4
69. f5 gxf5 70. Nf4 Qf3 71. Nh3 Qxb3 72. Qf1 Qb2+ 73. Kh1 Qa1 0-1